Junie B. Jones ve yatağın altındaki canavar / (Record no. 23464)

MARC details
000 -BAŞLIK
Sabit Uzunluktaki Kontrol Alanı 00647nam a22002057a 4500
003 - KONTROL NUMARASI KİMLİĞİ
Kontrol Alanı koha_MIRAKIL
005 - EN SON İŞLEM TARİHİ ve ZAMANI
Kontrol Alanı 20260414112003.0
008 - SABİT UZUNLUKTAKİ VERİ ÖGELERİ - GENEL BİLGİ
Sabit Alan 260414b tur||||| |||| 00| 0 tur d
020 ## - ISBN - ULUSLARARASI STANDART KİTAP NUMARASI
Isbn 9786059620451
040 ## - KATALOGLAMA KAYNAĞI
Özgün Kataloglama Kurumu TR-IsEVY
Kataloglama Dili tur
Çeviri Kurumu TR-IsEVY
041 ## - DİL KODU
Metin ya da ses kaydının dil kodu tur
082 ## - DEWEY ONU SINIFLAMA SİSTEMİ
Sınıflama Numarası FIC PAR/J
100 ## - KİŞİ ADI
Yazar Adı (Kişi adı) Park, Barbara
245 #0 - ESER ADI BİLDİRİMİ
Başlık Junie B. Jones ve yatağın altındaki canavar /
Sorumluluk Bildirimi Barbara Park ; illüstratör Denise Brunkus.
260 ## - YAYIN, DAĞITIM, VB.
Yayın Yeri İstanbul:
Yayınevi Mikado Yayınları ,
Yayın Tarihi 2017.
300 ## - FİZİKSEL TANIMLAMA
Sayfa, Cilt vb. 69 s. :
Diğer fiziki detaylar resimli ;
Boyutları 19 cm.
650 ## - KONU BAŞLIĞI EK GİRİŞ - KONU TERİMİ
Konusal terim veya coğrafi ad Çocuk Edebiyatı.
Alt başlık biçimi Çocuk Hikayeleri.
700 1# - EK GİRİŞ - KİŞİ ADI
Yazar Adı (Kişi adı) Brunkus, Denise.
Ünvan illüstratör.
942 ## - EK GİRİŞ ÖGELERİ (KOHA)
Source of classification or shelving scheme Dewey Decimal Classification
Koha item type Kitap
Holdings
Kayıp Durumu Sınıflandırma Kaynağı Hasarlı Durumu Koleksiyon Kodu Kalıcı Konum Mevcut Konum Kayıt Tarih Edinim Kaynağı Toplam Ödünçverme Yer Numarası Demirbaş Numarası Son Görülme Tarihi Fatura Tarihi Materyal Türü
  Dewey Decimal Classification   İlkokul İLKOKUL KÜTÜPHANESİ İLKOKUL KÜTÜPHANESİ 14/04/2026 Bağış   FIC PAR/J 25073 14/04/2026 14/04/2026 Kitap